| 000 -CABECERA |
| Longitud fija campo de control |
00642nam a22002057a 4500 |
| 003 - IDENTIFICADOR DEL NÚMERO DE CONTROL |
| Identificador del número de control |
OSt |
| 005 - FECHA Y HORA DE LA ÚLTIMA TRANSACCIÓN |
| Fecha y hora de la última transacción |
20240319125636.0 |
| 008 - CÓDIGOS DE INFORMACIÓN DE LONGITUD FIJA |
| Códigos de información de longitud fija |
190529e201812 spca |00 0bcat|d |
| 020 ## - NÚMERO INTERNACIONAL NORMALIZADO PARA LIBROS |
| Número Internacional Normalizado para Libros (ISBN) |
9788413035215 |
| 040 ## - FUENTE DE LA CATALOGACIÓN |
| Centro catalogador de origen |
CDMR |
| Lengua de catalogación |
cat |
| Centro transcriptor |
CDMR |
| 100 0# - PUNTO DE ACCESO PRINCIPAL-NOMBRE DE PERSONA |
| Nombre de persona |
Kap |
| 9 (RLIN) |
1346 |
| 245 10 - MENCIÓN DE TÍTULO |
| Título |
Shum |
| Resto del título |
: el dibuixant de les mans trencades / |
| Mención de responsabilidad, etc. |
Jaume Capdevila & KAP |
| 260 ## - PUBLICACIÓN, DISTRIBUCIÓN, ETC. (PIE DE IMPRENTA) |
| Lugar de publicación, distribución, etc. |
Lleida : |
| Nombre del editor, distribuidor, etc. |
Pagès editors, |
| Fecha de publicación, distribución, etc. |
2024 |
| 300 ## - DESCRIPCIÓN FÍSICA |
| Extensión |
141 p. : |
| Otras características físicas |
principalment il·lustrades |
| 490 ## - MENCIÓN DE SERIE |
| Mención de serie |
Doble tinta |
| 600 04 - PUNTO DE ACCESO ADICIONAL DE MATERIA - NOMBRE DE PERSONA |
| Nombre de persona |
Shum, |
| Fechas asociadas al nombre |
1897-1967 |
| 650 07 - PUNTO DE ACCESO ADICIONAL DE MATERIA - TÉRMINO DE MATERIA |
| Término de materia o nombre geográfico como elemento inicial |
Humorisme gràfic |
| Subdivisión de materia general |
Història |
| Fuente del encabezamiento o término |
lemac |
| 9 (RLIN) |
3162 |
| Subdivisión geográfica |
Catalunya |
| 650 07 - PUNTO DE ACCESO ADICIONAL DE MATERIA - TÉRMINO DE MATERIA |
| Término de materia o nombre geográfico como elemento inicial |
Dibuixants |
| Subdivisión de materia general |
Història |
| Fuente del encabezamiento o término |
lemac |
| 9 (RLIN) |
3384 |
| Subdivisión geográfica |
Catalunya |
| 942 ## - ENTRADA DE ELEMENTOS AGREGADOS (KOHA) |
| Koha [por defecto] tipo de item |
Monografies |
| Fuente de clasificaión o esquema |
|